La Argentina y la tormenta del mundo (Registro nro. 4669)

Detalles MARC
000 -LEADER
fixed length control field 00828 a2200205 4500
001 - CONTROL NUMBER
control field 48651
005 - DATE AND TIME OF LATEST TRANSACTION
control field 20260407155751.0
008 - FIXED-LENGTH DATA ELEMENTS--GENERAL INFORMATION
fixed length control field 260407a2003 arg spa d
003 - CONTROL NUMBER IDENTIFIER
control field AR-UNSa-BCEJYS
040 ## - CATALOGING SOURCE
Original cataloging agency AR-UNSa-BCEJYS
Language of cataloging spa
Transcribing agency AR-UNSa-BCEJYS
080 ## - UNIVERSAL DECIMAL CLASSIFICATION NUMBER
Universal Decimal Classification number 94(82)
Common auxiliary subdivision Historia de Argentina
020 ## - INTERNATIONAL STANDARD BOOK NUMBER
International Standard Book Number 987-1105-31-2
100 1# - MAIN ENTRY--PERSONAL NAME
Personal name Halperin Donghi, Tulio
245 10 - TITLE STATEMENT
Title La Argentina y la tormenta del mundo
Name of part/section of a work Ideas e ideologías entre 1930 y 1945
264 #1 - PRODUCTION, PUBLICATION, DISTRIBUTION, MANUFACTURE, AND COPYRIGHT NOTICE
Place of production, publication, distribution, manufacture Buenos Aires :
Name of producer, publisher, distributor, manufacturer Siglo XXI Editores Argentina
Date of production, publication, distribution, manufacture, or copyright notice 2003
300 ## - PHYSICAL DESCRIPTION
Extent 254 p.
Dimensions 21 cm.
505 ## - FORMATTED CONTENTS NOTE
Formatted contents note 1. ¿Tiene aún un futuro la democracia? - 2. Hacia una imagen alternativa de la experiencia histórica argentina - 3. Ecos de una tormenta cada vez más cercana - 4. El mundo en vilo - 5. Un país en vilo.
590 ## - LOCAL NOTE (RLIN)
Local note niveau_biblio:m niveau_hierar:0
942 ## - ADDED ENTRY ELEMENTS (KOHA)
Koha item type
Existencias
Withdrawn status Lost status Damaged status Not for loan Home library Current library Shelving location Date acquired Total checkouts Full call number Barcode Date last seen Price effective from Koha item type
        Biblioteca Prof. Eusebio Cleto del Rey Biblioteca Prof. Eusebio Cleto del Rey   07/04/2026   94(82) H195 L87912 07/04/2026 07/04/2026 Libro
        Biblioteca Prof. Eusebio Cleto del Rey Biblioteca Prof. Eusebio Cleto del Rey   07/04/2026   94(82) H195 L87911 07/04/2026 07/04/2026 Libro
        Biblioteca Prof. Eusebio Cleto del Rey Biblioteca Prof. Eusebio Cleto del Rey   07/04/2026   94(82) H195 L87910 07/04/2026 07/04/2026 Libro